| 000 | 00536nam a22001697a 4500 | ||
|---|---|---|---|
| 003 | dpl | ||
| 005 | 20180726144025.0 | ||
| 008 | 180726b xxu||||| |||| 00| 0 eng d | ||
| 035 | _a787756 | ||
| 040 |
_aDPL _bEN _c0 |
||
| 082 | _a347.96 | ||
| 100 | _aMajumdar,Nirmalendu Dutt | ||
| 245 |
_aAdvocates Act & Professional Ethics / _bLaw Relating To The Legal Profession In India _cby Nirmalendu Dutt Majumdar |
||
| 260 |
_aCalcutta _bEastern Law House _c1975 |
||
| 300 |
_a224p.; _c20cm |
||
| 942 |
_2ddc _cEN _h347.96 _mDUT |
||
| 999 |
_c154900 _d154900 |
||